| 000 | 01086nam a2200241 i 4500 | ||
|---|---|---|---|
| 001 | 45387 | ||
| 003 | ES-MaACL | ||
| 005 | 20250805062603.0 | ||
| 007 | t| | ||
| 008 | 030325s1883 sp |||| | spa d | ||
| 100 | 0 |
_aColorado, Vicente, _d1850-1904 _939890 |
|
| 245 | 1 | 0 |
_aFundamentos de la sociología _b: memoria leída en el Ateneo de Madrid en la sesión inaugural de la Sección de Ciencias Morales y Políticas, el 10 de noviembre de 1882 / _cVicente Colorado ; con un prólogo de Urbano González Serrano. |
| 260 |
_aPlasencia : _b[s.n.], _c1883 ( _fImp. de El Extremeño) |
||
| 300 |
_aXV, 49 p. ; _c23 cm. |
||
| 610 | 2 | 4 |
_aAteneo de Madrid. _bSección de Ciencias Morales y Políticas- _vMemorias. _91986 |
| 610 | 2 | 4 |
_aAteneo de Madrid- _vObras digitalizadas. _91930 |
| 650 | 7 |
_aSociología _2embne _917195 |
|
| 700 | 1 |
_aGonzález Serrano, U., _d1848-1904 _958968 |
|
| 852 |
_aES-MaACL _jT-350-F-10 |
||
| 852 |
_aES-MaACL _jT-374-F-11 |
||
| 856 | 4 |
_uhttp://www.ateneodemadrid.com/biblioteca_digital/folletos/Folletos-0202.pdf _zVer documento |
|
| 999 |
_c45387 _d45387 |
||